=LDR 00000nam 2200000 4500 =001 INLIS000000000017659 =005 20130612112856 =008 ***********************************Ind** =035 ##$$0010-061300000017659 =041 ##$$a Ind =082 ##$$a R.361.702 6 =090 ##$$a R.361.702 6, Ind u =260 ##$$a 2005 $b Jakarta =300 ##$$a vii, 62 hlm, 20 cm =650 ##$$a Yayasan-Undang-Undang dan Peraturan =850 ##$$a NBPNMAT